00421 2200169 4500001002100000008004100021035002000062245003800082100001800120260002400138300002000162020002200182084001400204082000800218650001000226990001500236INLIS000000000003261 ind  a0010-1225000082 aPelangi Waktu MalamcBayu Permana aPermana, Bayu aJakarta :bGramedia a280c13,5x20 cm a978-602-0681-11-5 a813 PER p a813 aFiksi a19736/B/26